Normal view
MARC view
- Social planning
Entry Topical Term
001 - CONTROL NUMBER
- control field: 24431
003 - CONTROL NUMBER IDENTIFIER
- control field: NUST
005 - DATE AND TIME OF LATEST TRANSACTION
- control field: 20191018155101.0
008 - FIXED-LENGTH DATA ELEMENTS
- fixed length control field: 191018|| aca||aabn | a|a d
040 ## - CATALOGING SOURCE
- Original cataloging agency: NUST
- Transcribing agency: NUST
150 ## - HEADING--TOPICAL TERM
- Topical term or geographic name entry element: Social planning
- Geographic subdivision: Developing countries.
670 ## - SOURCE DATA FOUND
- Source citation: Work cat.: (NUST)0: Moser, Caroline O. N. 24427, Gender planning and development :, 1993.
